Largest U.S. States Bordering Each Other - Statistics

General Stats
  • This quiz has been taken 40 times
  • The average score is 45 of 46
Answer Stats
Average U.S. States % Correct
California
100%
5.0 California
100%
6.5 California
100%
6.5 Colorado
100%
Colorado
100%
8.5 Colorado
100%
10.0 Colorado
100%
10.5 Colorado
100%
7.5 Idaho
100%
9.0 Idaho
100%
10.0 Idaho
100%
10.5 Idaho
100%
6.5 Montana
100%
Montana
100%
10.0 Montana
100%
10.5 Montana
100%
Nevada
100%
Nevada
100%
8.5 Nevada
100%
Nevada
100%
9.5 Nevada
100%
Oregon
100%
Oregon
100%
Oregon
100%
Texas
100%
Texas
100%
Wyoming
100%
Wyoming
100%
Wyoming
100%
Wyoming
100%
Kansas
97%
3.5 New Mexico
97%
New Mexico
97%
New Mexico
97%
10.5 Oklahoma
97%
South Dakota
97%
4.5 Arizona
94%
5.5 Arizona
94%
6.5 Arizona
94%
7.0 Arizona
94%
9.0 Arizona
94%
North Dakota
94%
Utah
94%
Utah
94%
Utah
94%
10.5 Utah
94%
No matching quizzes found
Score Distribution
Percent of People with Each Score
Percentile by Number Answered
Your Score History
You have not taken this quiz